01359nam a2200337Ia 4500001001200000003000800012006001900020007001500039008004100054010001700095020001500112020002800127040002100155035002100176050002500197082002600222082002600248100002100274245011600295260004300411300001800454504006600472533015200538650005800690650003500748651004700783655002900830710001700859856012600876999001901002ebr10135424CaPaEBRm u cr cn|||||||||050509s2005 nyu sb 001 0 eng d z 2005047208 z1403979413 z1403969752 (alk. paper) aCaPaEBRcCaPaEBR a(OCoLC)56046129814aPR888.J4bF87 2005eb04a823/.91409352992422204a23/.91409352992422281 aFurst, Lilian R.10aRandom destinationsh[electronic resource] :bescaping the Holocaust and starting life anew /cLilian R. Furst. aNew York :bPalgrave Macmillan,c2005. axviii, 213 p. aIncludes bibliographical references (p. [203]-207) and index. aElectronic reproduction.bPalo Alto, Calif. :cebrary,d2011.nAvailable via World Wide Web.nAccess may be limited to ebrary affiliated libraries. 0aEnglish fictiony20th centuryxHistory and criticism. 0aJewish refugees in literature. 0aEnglish-speaking countriesxIn literature. 7aElectronic books.2local2 aebrary, Inc.40uhttp://site.ebrary.com/lib/rucke/Doc?id=10135424zAn electronic book accessible through the World Wide Web; click to view c187839d187839